| 000 | 00373nam a2200157Ia 4500 | ||
|---|---|---|---|
| 008 | 151213s9999 xx 000 0 und d | ||
| 100 | _aA. V. Phatak | ||
| 245 |
_aManagement _cA. V. Phatak |
||
| 250 | _a4th | ||
| 260 |
_aOhio _bSouth Western Couese _c1995 |
||
| 300 | _a2697 p. | ||
| 650 | _aManagement | ||
| 650 | _aManagement | ||
| 700 | _aA. V. Phatak | ||
| 999 |
_c1809 _d1809 |
||